000 00465nam a2200169Ia 4500
003 GCL
008 140319s9999 xx 000 0 ara d
040 _aGCL /
_cGCL
082 0 4 _a214
_bز ن
100 1 _aزكى محمد حسن
245 1 0 _aنواح مجيدة من الثقافة الاسلامية /
_cزكى محمد حسن
300 _a164 ص
490 _a
650 0 4 _aالثقافة الاسلامية
650 0 4 _aالثقافة
942 _2ddc
_cBK
999 _c43929
_d43929